书目信息 |
| 题名: |
安全生产管理知识
|
|
| 作者: | 韩坤 主编 ;全国注册安全工程师执业资格考试辅导用书编写组 编 | |
| 分册: | ||
| 出版信息: | 北京 煤炭工业出版社 2018.07 |
|
| 页数: | 291页 | |
| 开本: | 26cm | |
| 丛书名: | 全国注册安全工程师执业资格考试辅导用书 | |
| 单 册: | ||
| 中图分类: | X92 | |
| 科图分类: | ||
| 主题词: | 安全生产--an quan sheng chan--生产管理--资格考试--自学参考资料 | |
| 电子资源: | ||
| ISBN: | 978-7-5020-6779-3 | |
| 000 | 01242nam 2200277 450 | |
| 001 | 202019134125 | |
| 005 | 20191002113833.0 | |
| 010 | @a978-7-5020-6779-3@dCNY85.00 | |
| 100 | @a20190928d2018 em y0chiy50 ea | |
| 101 | 0 | @achi |
| 102 | @aCN@b110000 | |
| 105 | @aak z 000yy | |
| 106 | @ar | |
| 200 | 1 | @a安全生产管理知识@Aan quan sheng chan guan li zhi shi@e2018版@f全国注册安全工程师执业资格考试辅导用书编写组编 |
| 210 | @a北京@c煤炭工业出版社@d2018.07 | |
| 215 | @a291页@c图@d26cm | |
| 225 | 2 | @a全国注册安全工程师执业资格考试辅导用书@Aquan guo zhu ce an quan gong cheng shi zhi ye zi ge kao shi fu dao yong shu |
| 314 | @a书内题: 韩坤主编 | |
| 330 | @a本书共八章, 内容包括: 安全生产管理基本理论、生产经营单位的安全生产管理、安全生产监管监察、安全评价、职业危害预防和管理、应急管理、生产安全事故调查与分析等。 | |
| 410 | 0 | @12001 @a全国注册安全工程师执业资格考试辅导用书 |
| 606 | 0 | @a安全生产@Aan quan sheng chan@x生产管理@x资格考试@j自学参考资料 |
| 690 | @aX92@v5 | |
| 701 | 0 | @a韩坤@Ahan kun@4主编 |
| 712 | 02 | @a全国注册安全工程师执业资格考试辅导用书编写组@Aquan guo zhu ce an quan gong cheng shi zhi ye zi ge kao shi fu dao yong shu bian xie zu@4编 |
| 801 | 0 | @aCN@c20190905 |
| 905 | @a河南城建学院图书馆@dX92@eH085 | |
| 安全生产管理知识:2018版/全国注册安全工程师执业资格考试辅导用书编写组编.-北京:煤炭工业出版社,2018.07 |
| 291页:图;26cm.-(全国注册安全工程师执业资格考试辅导用书) |
| ISBN 978-7-5020-6779-3:CNY85.00 |
| 本书共八章, 内容包括: 安全生产管理基本理论、生产经营单位的安全生产管理、安全生产监管监察、安全评价、职业危害预防和管理、应急管理、生产安全事故调查与分析等。 |
| ● |
| 相关链接 |
|
|
|
正题名:安全生产管理知识
索取号:X92/H085
 
预约/预借
| 序号 | 登录号 | 条形码 | 馆藏地/架位号 | 状态 | 备注 |
| 1 | 1441881 | 214418815 | 自科库501/501自科库 119排1列5层/ [索取号:X92/H085] | 在馆 | |
| 2 | 1441882 | 214418824 | 自科库501/501自科库 119排1列5层/ [索取号:X92/H085] | 在馆 |